[Event "FSIM November"]
[Site "Budapest HUN"]
[Date "1999.11.09"]
[Round "4"]
[White "Rajlich,V"]
[Black "Spielmann,Al"]
[Result "1-0"]
[WhiteElo "2297"]
[BlackElo "2241"]

1.e4 c5 2.Nf3 e6 3.d4 cxd4 4.Nxd4 Nc6 5.Nc3 Qc7 6.f4 a6 7.Nxc6 Qxc6 8.Bd3 Bc5
9.Qe2 b5 10.Be3 b4 11.Nd5 Bb7 12.O-O-O Ne7 13.Bxc5 Nxd5 14.Qf2 Rc8 15.Bd4 Nc3
16.bxc3 bxc3 17.Bxg7 Qa4 18.Rde1 Rg8 19.Bf6 d5 20.exd5 Bxd5 21.Rhg1 Bxa2
22.Qd4 Qa3+ 23.Kd1 Bd5 24.Qxd5 Qa1+ 25.Ke2 Qxe1+ 26.Rxe1 exd5 27.Kf3+  1-0

[Event "ESP-chT Div 1"]
[Site "Cala Galdana"]
[Date "1999.11.09"]
[Round "2"]
[White "Lautier, Joel"]
[Black "Illescas Cordoba, Miguel"]
[Result "1/2-1/2"]
[WhiteElo "2638"]
[BlackElo "2600"]

1.Nf3 c5 2.e4 Nc6 3.Nc3 e6 4.d4 cxd4 5.Nxd4 Nf6 6.Nxc6 bxc6 7.e5 Nd5 8.Ne4 Bb7
9.Be2 c5 10.O-O Qc7 11.Nd6+ Bxd6 12.exd6 Qc6 13.f3 c4 14.Qd4 O-O 15.Bxc4 Qxd6
16.Rd1 Qb6 17.Bb3 Rfc8 18.c4 Qxd4+ 19.Rxd4 Nb6 20.Be3  1/2-1/2

[Event "28th It"]
[Site "Lazarevac YUG"]
[Date "1999.11.09"]
[Round "9"]
[White "Vuckovic,Bo"]
[Black "Dimitrov,V"]
[Result "0-1"]
[WhiteElo "2433"]
[BlackElo "2464"]

1.e4 c5 2.Nf3 e6 3.d4 cxd4 4.Nxd4 Nc6 5.Nc3 Qc7 6.Be2 a6 7.O-O Nf6 8.Kh1 Be7
9.f4 d6 10.Be3 O-O 11.Qe1 Nxd4 12.Bxd4 b5 13.a3 Nd7 14.Bd3 Bb7 15.Qg3 Bf6
16.Bxf6 Nxf6 17.Rae1 Nd7 18.f5 exf5 19.exf5 Nf6 20.Be4 Rad8 21.Bxb7 Qxb7
22.Rd1 d5 23.Rd4 Rfe8 24.Rfd1 h6 25.h3 Qc6 26.Qf4 Rd7 27.R4d3 Rde7 28.Nxd5 Nxd5
29.Rxd5 Re1+ 30.Kh2 Rxd1 31.Rxd1 Re2 32.Qg3 Rxc2 33.b4 Kh7 34.Rd3 Qf6 35.Rf3 Qd4
36.Rd3 Qe4 37.f6 g5 38.Rd6 Rc1 39.Rxa6 Qd4  0-1

[Event "28th It"]
[Site "Lazarevac YUG"]
[Date "1999.11.09"]
[Round "9"]
[White "Colovic,A"]
[Black "Rajkovic,Du"]
[Result "1-0"]
[WhiteElo "2423"]
[BlackElo "2474"]

1.e4 c5 2.Nf3 e6 3.d4 cxd4 4.Nxd4 Nc6 5.Nc3 Qc7 6.Be3 Nf6 7.Bd3 a6 8.O-O Ne5
9.h3 Bc5 10.f4 d6 11.Kh1 O-O 12.fxe5 dxe5 13.Rxf6 exd4 14.Bf4 Qe7 15.e5 dxc3
16.Qh5 g6 17.Qh4 cxb2 18.Rf1 Bd7 19.Bg5 Bc6 20.R6f5 exf5 21.Bxe7 Bxe7 22.Qxe7 Rfe8
23.Qc5 Rad8 24.Qc3 Rd5 25.e6 Rxe6 26.Bc4 Rc5 27.Qd4 Ree5 28.Rb1 h6 29.Rxb2 Re1+
30.Kh2 Rce5 31.Qd6 Kg7 32.Bxa6 Rd5 33.Qb4 Rdd1 34.Bxb7 Bxb7 35.Qc3+  1-0

[Event "Chigorin mem"]
[Site "St Petersburg"]
[Date "1999.11.09"]
[Round "8"]
[White "Sepman, Yelius"]
[Black "Ulko, Jaroslav"]
[Result "0-1"]
[WhiteElo "2225"]
[BlackElo "2454"]

1.e4 c5 2.Nc3 e6 3.Nf3 Nc6 4.d4 cxd4 5.Nxd4 Qc7 6.Be2 a6 7.O-O b5 8.a3 Bb7
9.Be3 Nf6 10.Kh1 Na5 11.Qd3 Rc8 12.Rad1 Nc4 13.Bc1 b4 14.axb4 Bxb4 15.Na2 Be7
16.f3 O-O 17.Qxc4 Qxc4 18.Bxc4 Rxc4 19.b3 Rcc8 20.c4 d6 21.Ba3 Rfd8 22.Rf2 Nd7
23.Nc1 Nc5 24.Rc2 a5 25.Rcd2 Bg5 26.Ra2 d5 27.cxd5 exd5 28.f4 Be7 29.e5 Bf8
30.Kg1 Ne4 31.Nce2 Nc5 32.Kf2 Ba6 33.Ke3 Rb8 34.Rb1 a4 35.Bxc5 Bxc5 36.Rxa4 Bb5
37.Ra5 Rdc8 38.Kf3 Bd3 39.Rd1 Be4+ 40.Kg3 Bb4 41.Ra7 Bc5 42.Raa1 Rb6 43.f5 Re8
44.Rdc1 Bf8 45.Rc6 Rxc6 46.Nxc6 f6 47.exf6 Bd6+ 48.Kf2 Bxf5 49.Ned4 Be4 50.fxg7 Kxg7
51.b4 Bd3 52.Ra3 Be4 53.Rb3 Bc7 54.Ra3 Bd6 55.Ra7+ Kg6 56.Rd7 Bf8 57.g4 h5
58.Kg3 Bh1 59.gxh5+ Kxh5 60.Rh7+ Kg6 61.Rd7 Kh5 62.Kf2 Kg4 63.Rf7 Be4 64.Rf6 Kg5
65.Re6 Ra8 66.Ke3 Ra3+ 67.Ke2 Ra2+ 68.Kd1 Ra3 69.Ke2 Kh5 70.Kd2 Ra2+ 71.Kc3 Rxh2
72.Kb3 Rh1 73.Ka4 Kg4 74.Ka5 Rc1 75.Kb6 Bg7 76.Re7 Bf6 77.Re6 Kg5 78.Rxf6 Kxf6
79.Kc7 Bd3 80.Kd6 Bc4 81.b5 Rb1 82.Kc5 Rb2 83.Nb4 Ke7 84.b6 Kd7 85.Nbc6 Kc8
86.Na5  0-1

[Event "Chigorin mem"]
[Site "St Petersburg"]
[Date "1999.11.09"]
[Round "8"]
[White "Sorokina, Anastasia"]
[Black "Vager, Igor"]
[Result "1-0"]
[WhiteElo "2162"]
[BlackElo "2209"]

1.e4 c5 2.Nf3 Nc6 3.Nc3 e6 4.d4 cxd4 5.Nxd4 Nf6 6.Be2 d5 7.Nxc6 bxc6 8.e5 Nd7
9.Bf4 g5 10.Bg3 Bg7 11.h4 Bxe5 12.Bxe5 Nxe5 13.Qd4 Qf6 14.Rd1 g4 15.h5 h6
16.Na4 Rg8 17.Nc5 Qe7 18.Qxe5 Qxc5 19.c3 Qe7 20.Qf4 Qg5 21.Qc7 Bd7 22.Qb7 Qd8
23.Qb4 Qb6 24.Qf4 Qxb2 25.Qf6 Rb8 26.Bd3 Qxa2 27.O-O Rb2 28.Ra1 Qb3 29.Rxa7 Qb8
30.Rfa1 Qd8 31.Qxd8+ Kxd8 32.Ra8+ Bc8 33.R1a7 Rb6 34.Ba6 Rxa6 35.Rxa6 Re8
36.R6a7 Rf8 37.Rxc8+ Kxc8 38.Ra8+ Kd7 39.Rxf8 Ke7 40.Rh8 Kf6 41.Rc8  1-0

[Event "Chigorin mem"]
[Site "St Petersburg"]
[Date "1999.11.09"]
[Round "8"]
[White "Dzjuba, Vsevolod"]
[Black "Tunik, Gennady"]
[Result "1/2-1/2"]
[WhiteElo "2200"]
[BlackElo "2447"]

1.e4 c5 2.Nf3 e6 3.d4 cxd4 4.Nxd4 Nc6 5.Nc3 Qc7 6.g3 a6 7.Bg2 Nf6 8.O-O Bc5
9.Nxc6 dxc6 10.Na4 Be7 11.Be3 Nd7 12.Qd4 Bf6 13.Qb4 a5 14.Qb3 b5 15.Nc5 a4
16.Qb4 a3 17.Nxd7 Bxd7 18.b3 Bxa1 19.Rxa1 c5 20.Bxc5 Rc8 21.Bd6 Qc3 22.Qxc3 Rxc3
23.Rc1 Rc8 24.Bxa3 Ra8 25.Bd6 Rxa2 26.e5 f6 27.c4 bxc4 28.bxc4 Ra6 29.c5 Bc6
30.Bxc6+ Rxc6 31.Rb1 Kf7 32.Rb6 Rhc8 33.Rb7+ Kg6 34.Re7 Ra6 35.Kg2 h5 36.h4 Rcc6
37.Rxe6 Rxc5 38.exf6 gxf6 39.Rxf6+ Kxf6 40.Bxc5 Kf5 41.Kf3 Ra4 42.Be3 Rc4
43.Ke2 Ke4  1/2-1/2

[Event "ESP-chT Div 1"]
[Site "Cala Galdana"]
[Date "1999.11.10"]
[Round "3"]
[White "Hernandez, Gilberto"]
[Black "Comas Fabrego, Luis"]
[Result "1/2-1/2"]
[WhiteElo "2568"]
[BlackElo "2510"]

1.e4 c5 2.Nf3 e6 3.d4 cxd4 4.Nxd4 Nc6 5.Nc3 Qc7 6.g3 a6 7.Bg2 d6 8.O-O Bd7
9.a4 Nf6 10.Nb3 Be7 11.a5 Ne5 12.f4 Nc4 13.Qe2 e5 14.f5 Rc8 15.Kh1 h6 16.g4  1/2-1/2

[Event "Chigorin mem"]
[Site "St Petersburg"]
[Date "1999.11.10"]
[Round "9"]
[White "Lastin, Alexander"]
[Black "Kiik, Kalle"]
[Result "1-0"]
[WhiteElo "2552"]
[BlackElo "2438"]

1.Nf3 c5 2.e4 e6 3.d4 cxd4 4.Nxd4 Nc6 5.Nc3 d6 6.Be3 Nf6 7.Qd2 Be7 8.f3 O-O
9.O-O-O d5 10.Qe1 Bd7 11.Qg3 Kh8 12.e5 Ne8 13.f4 Rc8 14.Bd3 Nb4 15.Kb1 Qa5
16.Nb3 Qc7 17.Bd4 b5 18.Qe3 a5 19.Bb6 Qb8 20.Nxa5 Nxd3 21.cxd3 b4 22.Ne2 Nc7
23.Rc1 Nb5 24.Nb3 d4 25.Bxd4 Bc6 26.Bc5 Bxc5 27.Rxc5 Bxg2 28.Rhc1 Rcd8 29.f5 exf5
30.Nf4 Ba8 31.R1c4 Na7 32.Qe1 Qb6 33.Rxb4 Qh6 34.h4 Nc6 35.Rbc4 Rfe8 36.a3 Ne7
37.Qa5 Be4 38.dxe4 Qxf4 39.exf5 Qxf5+ 40.Ka2 Rd1 41.a4 h6 42.Qb5 Red8 43.a5 Nd5
44.Qb7 Qb1+ 45.Ka3 Qd3 46.Rc1 Rxc1 47.Rxc1 Ne3 48.Rc3 Qe2 49.Qe4  1-0

[Event "ch-ESP (team) Div 2"]
[Site "Cala Galdana ESP"]
[Date "1999.11.11"]
[Round "4"]
[White "Blazquez Gomez,J"]
[Black "Cramling,P"]
[Result "0-1"]
[WhiteElo "2270"]
[BlackElo "2504"]

1.e4 c5 2.Nf3 e6 3.d4 cxd4 4.Nxd4 Nc6 5.Nc3 Qc7 6.Be3 a6 7.Be2 b5 8.O-O Bb7
9.Bf3 Ne5 10.Re1 Nf6 11.Bf4 d6 12.Bh5 g6 13.Be2 b4 14.Na4 Nxe4 15.a3 bxa3
16.Rxa3 Bg7 17.f3 Nc5 18.Nxc5 Qxc5 19.Be3 Qc7 20.Bb5+ Ke7 21.Rc3 Qd8 22.Bc4 Nxc4
23.Bg5+ Bf6 24.Bxf6+ Kxf6 25.Rxc4 Bd5 26.Ra4 Qb6 27.Kh1 Qxb2 28.Qd2 Rhc8
29.Qh6 e5 30.h4 exd4 31.Qg5+ Kg7 32.Qxd5 Rxc2 33.Re7 Qc1+ 34.Kh2 Qf4+ 35.Kh3 Rc1
36.Qxd4+ Qxd4 37.Rxd4 Rc6 38.Rf4 Rf8 39.Ra7 d5 40.g4 Rd6 41.Rd4 Kf6 42.Kg3 Ke5
43.Ra4 d4 44.Ra5+ Ke6 45.Kf4 d3 46.R7xa6 d2 47.Rxd6+ Kxd6 48.Ra1 Re8 49.Rd1 Re2  0-1

[Event "SLO-chT"]
[Site "Bled"]
[Date "1999.11.12"]
[Round "5"]
[White "Grosar, Aljosa"]
[Black "Podlesnik, Bogdan"]
[Result "1-0"]
[WhiteElo "2446"]
[BlackElo "2403"]

1.e4 c5 2.Nf3 e6 3.Nc3 Nc6 4.d4 cxd4 5.Nxd4 Nf6 6.Ndb5 d6 7.Bf4 e5 8.Bg5 a6
9.Na3 b5 10.Nd5 Be7 11.Nxe7 Nxe7 12.Bd3 d5 13.Bxf6 gxf6 14.c3 Rg8 15.g3 f5
16.exf5 Nxf5 17.Nc2 Nd6 18.Qh5 Qf6 19.Ne3 Be6 20.f4 Nc4 21.Bxc4 bxc4 22.f5 d4
23.fxe6 dxe3 24.exf7+ Qxf7 25.Qxe5+ Qe7 26.Qd5  1-0

[Event "ch-ESP (team) Div 2"]
[Site "Cala Galdana ESP"]
[Date "1999.11.12"]
[Round "5"]
[White "Blazquez Gomez,J"]
[Black "Barlov,D"]
[Result "0-1"]
[WhiteElo "2270"]
[BlackElo "2485"]

1.e4 c5 2.Nf3 e6 3.d4 cxd4 4.Nxd4 Nc6 5.Nc3 Qc7 6.Be3 a6 7.Bd3 Nf6 8.O-O b5
9.Nxc6 Qxc6 10.Qf3 Bb7 11.Rfe1 b4 12.Nd5 Nxd5 13.exd5 Qxd5 14.Qh3 Be7 15.Rad1 h5
16.f4 f5 17.Be2 Qc6 18.Bxh5+ Kf8 19.Bf3 Rxh3 20.Bxc6 Rxe3 21.Bxb7 Rxe1+ 22.Rxe1 Ra7
23.Bf3 Bf6 24.a3 a5 25.axb4 axb4 26.b3 g5 27.Be2 gxf4 28.Bd3 Kf7 29.Rf1 Bd4+
30.Kh1 Be5 31.g3 fxg3 32.hxg3 Kf6 33.Kg2 d5  0-1

[Event "ch-ESP (team) Div 2"]
[Site "Cala Galdana ESP"]
[Date "1999.11.12"]
[Round "5"]
[White "Arizmendi Martinez,J"]
[Black "Ricardi,P"]
[Result "0-1"]
[WhiteElo "2465"]
[BlackElo "2474"]

1.e4 c5 2.Nf3 e6 3.Nc3 Nc6 4.d4 cxd4 5.Nxd4 Nf6 6.Nxc6 bxc6 7.e5 Nd5 8.Ne4 Qc7
9.f4 f5 10.exf6 Nxf6 11.Nxf6+ gxf6 12.Qh5+ Kd8 13.Bd2 Rb8 14.O-O-O d5 15.g3 Qb6
16.b3 a5 17.Kb1 Bb4 18.Bh3 a4 19.Rhe1 axb3 20.cxb3 Bxd2 21.Rxd2 Qb4 22.Qd1 Re8
23.Rde2 Qd6 24.Qd4 e5 25.fxe5 fxe5 26.Qh4+ Kc7 27.Bxc8 Rbxc8 28.Qxh7+ Re7
29.Qd3 e4 30.Qc3 Kb8 31.b4 Rf8 32.Qd4 Rb7 33.Rb2 Qf6 34.Qc5 Rb5 35.Qc2 Qd6
36.Qd2 Rf3 37.a4 Rb7 38.Ka2 d4 39.Qg5 e3 40.Qg8+ Ka7 41.Qg5 Qe6+ 42.Ka1 Rf5
43.Qg4 Qf6 44.Qe4 Rf2 45.Rxf2 exf2  0-1

[Event "ESP-chT Div 1"]
[Site "Cala Galdana"]
[Date "1999.11.13"]
[Round "6"]
[White "Armengol Comas, Joaquim"]
[Black "Paramos Dominguez, Roberto"]
[Result "0-1"]
[WhiteElo "2140"]
[BlackElo "2425"]

1.e4 c5 2.Nc3 Nc6 3.Nge2 e6 4.d4 cxd4 5.Nxd4 Qc7 6.Be2 a6 7.O-O Nf6 8.Kh1 Bb4
9.Bg5 Bxc3 10.Bxf6 gxf6 11.bxc3 d6 12.Qd2 Bd7 13.Qh6 Ke7 14.f4 Rhg8 15.f5 e5
16.Nf3 Na5 17.Rad1 Rad8 18.g4 Bc6 19.g5 Bxe4 20.Qxf6+ Ke8 21.Bd3 Bd5 22.Kg2 Nc4
23.Bxc4 Qxc4 24.Kh3 Kd7 25.Qh6 Kc8 26.Qh4 Qc6 27.Qg4 Kb8 28.Kg3 f6 29.h4 Rdf8
30.Kh2 Be4 31.Rxd6 Bxf3 32.Rxc6 Bxg4 33.Rxf6 Rxf6 34.gxf6 Kc7 35.Rg1 h5 36.Rxg4 hxg4
37.h5 Rg5 38.f7 Rxh5+  0-1

[Event "28th It"]
[Site "Lazarevac YUG"]
[Date "1999.11.13"]
[Round "13"]
[White "Vuckovic,Bo"]
[Black "Rajkovic,Du"]
[Result "1/2-1/2"]
[WhiteElo "2433"]
[BlackElo "2474"]

1.e4 c5 2.Nf3 e6 3.d4 cxd4 4.Nxd4 Nc6 5.Nc3 a6 6.Be2 Nge7 7.Be3 b5 8.O-O Bb7
9.f4 Ng6 10.e5 Qc7 11.Bf3 Nh4 12.Be4 b4 13.Na4 Nxe5 14.fxe5 Bxe4 15.Rf4 Bc6
16.Nxc6 Qxc6 17.Rxh4 Qxa4 18.Qf3 Qc6 19.Qxc6 dxc6 20.Rc4 Be7 21.Rd1 c5 22.b3 Rc8
23.c3 a5 24.cxb4 axb4 25.Rdc1 Kd7 26.Bxc5 Rxc5 27.Rxc5 Bxc5+ 28.Rxc5 Ra8
29.Rb5 Kc6 30.Rxb4 Rxa2 31.Rc4+ Kd7 32.Rd4+ Ke7 33.Ra4 Rxa4 34.bxa4 Kd7 35.Kf2 Kc6
36.Ke3 Kc5 37.h4 Kb4 38.Kd4 Kxa4 39.Kc5 Kb3 40.Kd6 Kc4 41.Ke7 Kd5 42.Kxf7 Kxe5
43.Kxg7 Kf5 44.h5 e5 45.Kxh7 e4 46.Kg7 e3 47.g4+ Kg5 48.h6 e2 49.h7 e1=Q  1/2-1/2

[Event "ch-ESP (team) Div 2"]
[Site "Cala Galdana ESP"]
[Date "1999.11.14"]
[Round "7"]
[White "Tebar Moreno,J"]
[Black "Timon Piote,S"]
[Result "1/2-1/2"]
[WhiteElo "2204"]
[BlackElo "2155"]

1.e4 c5 2.Nc3 e6 3.Nge2 Nc6 4.d4 cxd4 5.Nxd4 Nf6 6.a3 d5 7.exd5 exd5 8.Be2 Be7
9.O-O O-O 10.Bf3 Ne5 11.Re1 Nxf3+ 12.Qxf3 Bg4 13.Qd3 Re8 14.Bg5 Qd7 15.Re3 h6
16.Bh4 Bh5 17.Nf5 Bg6 18.Nxe7+ Rxe7 19.Rxe7 Qxe7 20.Bxf6 Qxf6 21.Qxd5 Rd8
22.Qxb7 Rd2 23.Qxa7 Rxc2 24.Qa8+ Kh7 25.Qf3 Qg5 26.Qe3 Qf6 27.Re1 Rxb2 28.Nd5 Qa6
29.Qc3 Re2 30.Qa1 Rd2 31.Ne3 Qa4 32.Rd1 Re2 33.Re1 Rxe1+ 34.Qxe1 Qxa3 35.h3 Qd3
36.Nf1 Qb5 37.Ng3 f5 38.Qe3 Qb4 39.Ne2 Bf7 40.Kh2 Qd6+ 41.Qf4 Qxf4+ 42.Nxf4 Bc4
43.g3 g5 44.Ng2 Bd5 45.Ne3 Be4 46.f4 Kg6 47.Nc4 Kf6 48.Kg1 Bd3 49.Ne5 Bb5
50.Kf2 Ke6 51.Nf3 Kf6 52.Ke3 Bf1 53.h4 gxh4 54.Nxh4 Bb5 55.Nf3 Bc6 56.Ne5 Be4
57.Kd4 h5 58.Nd7+ Kg6 59.Ke5 Bb1 60.Nf8+ Kh6 61.Ne6 h4 62.gxh4 Kh5 63.Ng7+ Kxh4
64.Nxf5+ Kh5 65.Ng3+  1/2-1/2

[Event "Kuban 99"]
[Site "Krasnodar RUS"]
[Date "1999.11.14"]
[Round "2"]
[White "Tseshkovsky,V"]
[Black "Poluljahov,A"]
[Result "1/2-1/2"]
[WhiteElo "2547"]
[BlackElo "2554"]

1.e4 c5 2.Nf3 e6 3.d4 cxd4 4.Nxd4 Nc6 5.Nc3 Qc7 6.Be3 a6 7.Bd3 Nf6 8.O-O Bd6
9.h3 Bf4 10.Qd2 Bxe3 11.Qxe3 Qb6 12.Nf5 Qxe3 13.Nxe3 b5 14.f4 d6 15.a3 Ke7
16.Rfe1 Nd7 17.Rad1 Rd8 18.Rd2 Bb7 19.b4 Kf8 20.Ncd1 Nb6 21.Nb2 d5 22.exd5 exd5
23.Bf1 Nc4 24.Nbxc4 dxc4 25.Red1 Rxd2 26.Rxd2 Nd8  1/2-1/2

[Event "ch-NED (women)"]
[Site "Rotterdam NED"]
[Date "1999.11.14"]
[Round "6"]
[White "Jap Tjoen San,L"]
[Black "Sziva,E"]
[Result "0-1"]
[WhiteElo "2234"]
[BlackElo "2290"]

1.e4 c5 2.Nf3 e6 3.d4 cxd4 4.Nxd4 Nc6 5.Nc3 a6 6.Be2 Qc7 7.O-O Nf6 8.Kh1 Nxd4
9.Qxd4 Bc5 10.Qd3 h5 11.Bg5 Ng4 12.f4 f6 13.Bh4 b5 14.e5 f5 15.Nd5 exd5 16.Qxf5 Rh6
17.Bxg4 hxg4 18.Bg5 d6 19.e6 Rxe6 20.Rae1 Qf7 21.Qxd5 Ra7 22.Qd2 b4 23.a3 a5
24.c3 bxc3 25.Qxc3 a4 26.f5 Rxe1 27.Rxe1+ Kf8 28.f6 Ba6 29.fxg7+ Qxg7 30.Bf6 Qh6
31.Be5 Re7 32.Qa5 dxe5 33.Qxc5 g3 34.h3 Qf4 35.Qd6 Bb7 36.Qd3 Bxg2+  0-1

[Event "71st ch-GER"]
[Site "Altenkirchen GER"]
[Date "1999.11.15"]
[Round "4"]
[White "Mueller,Matt"]
[Black "Rohde,U"]
[Result "1/2-1/2"]
[WhiteElo "2403"]
[BlackElo "2290"]

1.e4 c5 2.Nf3 e6 3.d4 cxd4 4.Nxd4 Nc6 5.Nc3 Qc7 6.Be3 a6 7.Bd3 Nf6 8.O-O Ne5
9.h3 Bc5 10.Kh1 d6 11.f4 Ng6 12.Qe1 O-O 13.f5 Ne5 14.g4 Re8 15.Qh4 b5 16.g5 Nfd7
17.g6 hxg6 18.fxe6 fxe6 19.Nxe6 Rxe6 20.Nd5 Qa7 21.Qd8+ Kh7 22.Bxc5 Nxc5
23.Qh4+ Kg8 24.Qd8+ Kh7 25.Qh4+ Kg8  1/2-1/2

[Event "V Open"]
[Site "Lisbon POR"]
[Date "1999.11.17"]
[Round "5"]
[White "Lima,P"]
[Black "Cordovil,J"]
[Result "1-0"]
[WhiteElo "2051"]
[BlackElo "2199"]

1.e4 c5 2.Nf3 Nc6 3.d4 cxd4 4.Nxd4 e6 5.Nc3 d6 6.Be2 a6 7.O-O Bd7 8.a4 Nf6
9.Be3 Be7 10.Kh1 Qc7 11.f4 h5 12.Nb3 Na5 13.Nxa5 Qxa5 14.Bf3 Bc6 15.Bd4 e5
16.b4 Qxb4 17.fxe5 dxe5 18.Bxe5 Kf8 19.Nd5 Nxd5 20.exd5 Rd8 21.c3 Qc4 22.d6 Bg5
23.Bxc6 bxc6 24.Rf5 f6 25.Qf3 Kg8 26.Bd4 Rxd6 27.Re1 Qf7 28.Rb1 Rd5 29.Rxd5 cxd5
30.Rb8+ Kh7 31.Qf5+ g6 32.Rxh8+ Kxh8 33.Qxg5 Kg7 34.Qf4  1-0

[Event "ch-ARG Najdorf mem"]
[Site "Buenos Aires ARG"]
[Date "1999.11.19"]
[Round "1"]
[White "Giaccio,A"]
[Black "Spangenberg,H"]
[Result "0-1"]
[WhiteElo "2505"]
[BlackElo "2531"]

1.e4 c5 2.Nf3 Nc6 3.d4 cxd4 4.Nxd4 e6 5.Nc3 Qc7 6.f4 a6 7.Nxc6 Qxc6 8.Bd3 b5
9.Qe2 Bb7 10.Bd2 Nf6 11.e5 b4 12.exf6 bxc3 13.Bxc3 gxf6 14.O-O-O Rg8 15.g3 Qa4
16.b3 Qxa2 17.Be4 Rc8 18.Kd2 Rxc3 19.Ra1 Qb2 20.Rhb1 Rxc2+ 21.Bxc2 Bb4+ 22.Ke3 Bc5+
23.Kd2 Bb4+ 24.Ke3 Bc5+ 25.Kd2 Qd4+ 26.Kc1 Qc3 27.Rb2 Be3+ 28.Kb1 Bd4 29.Raa2 Ke7
30.Bd3 Rc8 31.Qd2 Qc5 32.Rc2 Bc3 33.Qd1 Qb4 34.Rf2 Bd5 35.Bc2 f5 36.Ra4 Qc5
37.Qe2 Bf6 38.Qd2 Bc3 39.Qe2 Bd4 40.Rf1 Qc3 41.Rxd4 Qxd4 42.Rd1 Qc3  0-1

[Event "71st ch-GER"]
[Site "Altenkirchen GER"]
[Date "1999.11.20"]
[Round "9"]
[White "Paulsen,D"]
[Black "Kaeser,U"]
[Result "0-1"]
[WhiteElo "2331"]
[BlackElo "2334"]

1.e4 c5 2.Nc3 e6 3.Nf3 Nc6 4.d4 cxd4 5.Nxd4 Nf6 6.Ndb5 d6 7.Bf4 e5 8.Bg5 a6
9.Na3 Be6 10.Nc4 Rc8 11.Be3 Be7 12.Nb6 Rb8 13.Be2 O-O 14.f3 Nd7 15.Nca4 Nxb6
16.Bxb6 Qd7 17.c3 Bd8 18.O-O Bxb6+ 19.Nxb6 Qc7 20.Nc4 Rfd8 21.Kh1 Ne7 22.Ne3 d5
23.exd5 Nxd5 24.Nxd5 Rxd5 25.Qc2 Rbd8 26.Rad1 g6 27.a3 Bf5 28.Qc1 Bd3 29.Bxd3 Rxd3
30.Rxd3 Rxd3 31.Rd1 Qd6 32.Rxd3 Qxd3 33.Kg1 f5 34.Kf2 Kf7 35.h4 Ke6 36.Qe3 Qxe3+
37.Kxe3 Kd5 38.Kd3 b5 39.b3 a5 40.g4 h5 41.g5 Kc5 42.b4+ axb4 43.cxb4+ Kd5
44.Kc3 e4 45.f4 e3  0-1

[Event "Extraliga CZE"]
[Site "Ostrava CZE"]
[Date "1999.11.20"]
[Round "3"]
[White "Antoniewski,R"]
[Black "Gross,S"]
[Result "1-0"]
[WhiteElo "2417"]
[BlackElo "2371"]

1.e4 c5 2.Nf3 e6 3.d4 cxd4 4.Nxd4 Nc6 5.Nc3 Qc7 6.Be2 a6 7.O-O Nf6 8.Be3 Be7
9.f4 d6 10.Qe1 O-O 11.Qg3 Kh8 12.Kh1 Bd7 13.Rae1 b5 14.a3 Rab8 15.Bd3 b4
16.axb4 Rxb4 17.Nb3 d5 18.exd5 exd5 19.Bd2 d4 20.Ne2 Ra4 21.Nexd4 Nxd4 22.Nxd4 Rxd4
23.Rxe7 Qd6 24.Ree1 Bb5 25.Bxb5 axb5 26.Bc3 Rc4 27.Be5 Qb6 28.c3 b4 29.b3 Rcc8
30.c4 Rfd8 31.Rd1 Qe6 32.h3 Qf5 33.Qf3 Nd7 34.Qd5 f6 35.Bd6 Qxd5 36.Rxd5 Nb6
37.Rdd1 Nxc4 38.bxc4 Rxc4 39.Bxb4 Rxd1 40.Rxd1 g5 41.Bd6  1-0

[Event "Kuban 99"]
[Site "Krasnodar RUS"]
[Date "1999.11.21"]
[Round "9"]
[White "Tseshkovsky,V"]
[Black "Tregubov,P"]
[Result "0-1"]
[WhiteElo "2547"]
[BlackElo "2609"]

1.e4 c5 2.Nf3 e6 3.d4 cxd4 4.Nxd4 Nc6 5.Nc3 Qc7 6.Be3 a6 7.Bd3 Nf6 8.O-O Nxd4
9.Bxd4 Bc5 10.Bxc5 Qxc5 11.Kh1 d6 12.f4 e5 13.Na4 Qa5 14.b4 Qxa4 15.Rb1 Qc6
16.Qe1 O-O 17.Rb3 Re8 18.Rc3 Qd7 19.f5 b5 20.g4 Bb7 21.g5 Nh5 22.Qh4 Nf4
23.Kg1 Rac8 24.Rxf4 exf4 25.Bc4 Rxc4 26.Rh3 Rcxe4  0-1

[Event "Extraliga CZE"]
[Site "Ostrava CZE"]
[Date "1999.11.21"]
[Round "4"]
[White "Simacek,P"]
[Black "Kleberc,K"]
[Result "1/2-1/2"]
[WhiteElo "2346"]
[BlackElo "2267"]

1.e4 c5 2.Nf3 e6 3.d4 cxd4 4.Nxd4 Nc6 5.Nc3 a6 6.g3 d6 7.Bg2 Bd7 8.O-O Nf6
9.Re1 Be7 10.Nxc6 Bxc6 11.a4 O-O 12.a5 Qc7 13.Be3 Nd7 14.Bd4 Rac8 15.Qg4 Bf6
16.Bxf6 Nxf6 17.Qf4 h6 18.Red1 Rfd8 19.Rd2 b6 20.axb6 Qxb6 21.b3 Qb4 22.Rd3 a5
23.Qd2 Qc5 24.Rd4  1/2-1/2

[Event "7th Young Masters"]
[Site "Loures POR"]
[Date "1999.11.25"]
[Round "3"]
[White "Lima,P"]
[Black "Teran Alvarez,I"]
[Result "1/2-1/2"]
[WhiteElo "2051"]
[BlackElo "2419"]

1.e4 c5 2.Nf3 e6 3.d4 cxd4 4.Nxd4 Nc6 5.Nc3 Qc7 6.Be2 a6 7.a4 Nf6 8.O-O Nxd4
9.Qxd4 Bc5 10.Qd3 h5 11.h3 b6 12.Be3 Bb7 13.f4 Rc8 14.Bf3 Bxe3+ 15.Qxe3 Qc5
16.Qxc5 Rxc5 17.e5 Bxf3 18.Rxf3 Nd5 19.Nxd5 Rxd5 20.Rd3 Ke7 21.Rxd5 exd5
22.Rd1 Rc8 23.c3 Ke6 24.Kf2 d6 25.exd6 Kxd6 26.Rd4 Kc5 27.g4 a5 28.f5 Rh8
29.Kg3 h4+ 30.Kf4 Re8 31.g5 Re2 32.b4+ axb4 33.Rxb4 Rc2 34.Rb5+ Kc6 35.Rb3 Rg2
36.Rb4 Rg3 37.c4 d4 38.Rb5 Rc3 39.a5 bxa5 40.Rxa5 Rxc4 41.Ra7 f6 42.g6 d3+
43.Ke3 Rc5 44.Kxd3 Rxf5 45.Ke4 Rg5 46.Rxg7 Kd6 47.Rh7 Rxg6 48.Kf5 Rg3 49.Kxf6 Rxh3
50.Kg5 Rg3+ 51.Kxh4 Rg1 52.Ra7 Kd5  1/2-1/2

[Event "Eu Team Ch (women)"]
[Site "Batumi GEO"]
[Date "1999.11.29"]
[Round "1"]
[White "Calzetta,M"]
[Black "Velcheva,M"]
[Result "0-1"]
[WhiteElo "2194"]
[BlackElo "2305"]

1.e4 c5 2.Nf3 e6 3.d4 cxd4 4.Nxd4 Nc6 5.Nc3 Qc7 6.g3 a6 7.Bg2 Nf6 8.O-O Bc5
9.Nxc6 dxc6 10.e5 Qxe5 11.Bf4 Qd4 12.Qe2 Be7 13.Rfd1 Qa7 14.Na4 Bd7 15.c4 c5
16.Nc3 O-O 17.Bd6 Bxd6 18.Rxd6 Be8 19.Rad1 Rc8 20.g4 b5 21.g5 Nd7 22.cxb5 axb5
23.Nxb5 Qxa2 24.Rxd7 Bxd7 25.Rxd7 Rb8 26.Bf1 Qb1 27.Qd2 Rxb5 28.Qd6 Rbb8
29.Qxc5 Rxb2  0-1

[Event "Eu Team Ch"]
[Site "Batumi GEO"]
[Date "1999.11.29"]
[Round "1"]
[White "Gallagher,Jo"]
[Black "Agopov,M"]
[Result "1-0"]
[WhiteElo "2521"]
[BlackElo "2409"]

1.e4 c5 2.Nf3 Nc6 3.d4 cxd4 4.Nxd4 e6 5.Nc3 Qc7 6.Be2 a6 7.O-O Nf6 8.Be3 Be7
9.f4 d6 10.Kh1 O-O 11.Qe1 Nxd4 12.Bxd4 b5 13.a3 Bb7 14.Qg3 Rae8 15.Rad1 g6
16.Bf3 Nd7 17.Rfe1 e5 18.Be3 Bf6 19.f5 Rd8 20.Qf2 Bc6 21.g4 Be7 22.g5 f6
23.gxf6 Rxf6 24.Rg1 Nc5 25.b4 Na4 26.Nxa4 bxa4 27.Bb6 Qb7 28.Bxd8 Bxe4 29.Bxe4 Qxe4+
30.Qg2 Qxg2+ 31.Kxg2 Bxd8 32.fxg6 hxg6 33.Rge1 Re6 34.Kf3 e4+ 35.Ke2 Bb6
36.Rd5 Kg7 37.c4 Bc7  1-0

[Event "Eu Team Ch"]
[Site "Batumi GEO"]
[Date "1999.12.02"]
[Round "4"]
[White "Agopov,M"]
[Black "Sommerbauer,N"]
[Result "0-1"]
[WhiteElo "2409"]
[BlackElo "2401"]

1.e4 c5 2.Nf3 e6 3.d4 cxd4 4.Nxd4 Nc6 5.Nc3 Qc7 6.Be2 a6 7.O-O Nf6 8.Kh1 Be7
9.Be3 d6 10.f4 O-O 11.a4 Bd7 12.Qe1 Rad8 13.Qg3 Nxd4 14.Bxd4 Bc6 15.a5 Qb8
16.Bd3 Rd7 17.e5 Nh5 18.Qe3 g6 19.Ne4 Bxe4 20.Bxe4 d5 21.Bd3 Ng7 22.Rab1 Rc7
23.g4 f5 24.g5 Rfc8 25.b4 Qa8 26.Rb3 Ne8 27.Rfb1 Rc4 28.b5 Ra4 29.Bb6 Kf7
30.Qd2 Ng7 31.Be2 Ne8 32.Bd4 Ra2 33.R3b2 Rxb2 34.Rxb2 Bc5 35.b6 Rc6 36.Bxc5 Rxc5
37.Qb4 Rc6 38.Bd3 Qc8 39.Kg2 Ng7 40.Qa4 Nh5 41.Bxa6 Nxf4+ 42.Kf3 Rc3+ 43.Kxf4 Rh3
44.Bxb7 Qd8 45.Qc6 Qxg5+ 46.Kxg5 h6+ 47.Kf4 g5+  0-1

[Event "Eu Team Ch"]
[Site "Batumi GEO"]
[Date "1999.12.04"]
[Round "5"]
[White "Neiksans,A"]
[Black "Sommerbauer,N"]
[Result "1/2-1/2"]
[WhiteElo "2378"]
[BlackElo "2401"]

1.e4 c5 2.Nf3 e6 3.d4 cxd4 4.Nxd4 Nc6 5.Nc3 Qc7 6.Be3 a6 7.Be2 b5 8.a3 Bb7
9.Nb3 d6 10.f4 Nf6 11.Bf3 Be7 12.O-O O-O 13.g4 Nd7 14.Qe2 Rfe8 15.g5 Nb6
16.a4 Nxa4 17.Nxa4 bxa4 18.Rxa4 d5 19.exd5 exd5 20.Qd2 d4 21.Nxd4 Nxd4 22.Bxb7 Ne2+
23.Qxe2 Qxb7 24.Qd3 Qxb2 25.Re4 Rf8  1/2-1/2

[Event "Eu Team Ch"]
[Site "Batumi GEO"]
[Date "1999.12.04"]
[Round "5"]
[White "Lutz,C"]
[Black "Galkin,A"]
[Result "1/2-1/2"]
[WhiteElo "2591"]
[BlackElo "2535"]

1.e4 c5 2.Nf3 e6 3.d4 cxd4 4.Nxd4 Nc6 5.Nc3 d6 6.Be3 Nf6 7.Be2 Be7 8.f4 O-O
9.O-O a6 10.a4 Qc7 11.Kh1 Re8 12.Bf3 Bf8 13.Qd2 Na5 14.Qf2 Nc4 15.Bc1 e5
16.Nde2 d5 17.fxe5 Nxe5 18.Bf4 dxe4 19.Nxe4 Qxc2 20.Nxf6+ gxf6 21.Qg3+ Qg6
22.Bd5 Nc6 23.Nc3 Qxg3 24.Bxg3 Bg7 25.Bf3 Be6 26.Ne4 Rad8 27.Bh4 f5 28.Nf6+ Bxf6
29.Bxf6 Rd6 30.Bc3 Bd5 31.Rad1 Red8 32.Bxd5  1/2-1/2

[Event "FSIMB December"]
[Site "Budapest HUN"]
[Date "1999.12.04"]
[Round "1"]
[White "Balogh,C"]
[Black "Spielmann,Al"]
[Result "0-1"]
[WhiteElo "2235"]
[BlackElo "2241"]

1.e4 c5 2.Nf3 e6 3.d4 cxd4 4.Nxd4 Nc6 5.Nc3 Qc7 6.Be3 a6 7.Bd3 b5 8.O-O Bb7
9.Nxc6 Qxc6 10.Re1 Nf6 11.a3 Be7 12.Qf3 d6 13.Rad1 O-O 14.Qg3 Rfe8 15.f4 Nd7
16.Qh3 Nc5 17.Bd4 Bf8 18.Kh1 Rad8 19.Nd5 e5 20.Bc3 Qd7 21.f5 Bxd5 22.exd5 Nxd3
23.Qxd3 Rc8 24.Re2 Rc4 25.Re4 Rec8 26.Rxc4 Rxc4 27.Re1 Rf4 28.Rf1 e4 29.Qe2 Qxf5
30.Rxf4 Qxf4 31.g3 Qf5 32.Qd1 Be7 33.Kg2 h5 34.b3 Qg4 35.Qd2 Qf3+ 36.Kg1 h4
37.gxh4 Bxh4 38.Bd4 Qg4+ 39.Kf1 Qf3+ 40.Kg1 Qg4+ 41.Kf1 Bg5 42.Qf2 f5 43.a4 f4
44.Qe2 f3 45.Qf2 Qh3+ 46.Kg1 e3  0-1